Top 30 : SCH - Statistiques

Statistiques générales
  • Ce quiz a été pris 170 fois
  • Le résultat moyen est 16 sur 30
Statistiques - réponses
Top Titres Featuring % Correct
1 Bande organisée Kofs, Soso Maness, Elams, Jul, Naps, Solda, Houari, 13 Organisé
97%
2 FADE UP Zeg P, Hamza
91%
11 A7
89%
5 Fusil
69%
7 Mayday Ninho
69%
16 Prêt à partir Ninho
69%
3 Je la connais
67%
17 Mannschaft Freeze Corleone
67%
14 Champs-Élysées
66%
8 Le classico organisé Koba LaD, PLK, Gazo, Jul, Naps, Guy2Bezbar, Kofs, Soso Maness, Le classico organisé
66%
12 Otto
66%
6 Mode Akimbo Jul
63%
4 La danse des bandits Naps
62%
9 9 1 1 3 Zola
59%
10 Autobahn
50%
29 Bénéfice
50%
20 Cartine Cartier Sfera Ebbasta
47%
22 HS Hamza
47%
18 Marché noir
46%
13 Mother Fuck Jul
46%
19 Le code
44%
21 Allo maman
43%
28 Interlude
37%
26 Loup noir
37%
23 R.A.C.
37%
24 La vie du binks Da Uzi, Ninho, Hornet La Frappe, Leto, Sadek, Soprano
27%
15 INTERNATIONAL GANGSTAS Farid Bang, CAPO, 6ix9ine
26%
30 Skydweller
24%
25 Crack
20%
27 LIF
15%
Aucun quiz correspondant
Distribution des résultats
% des personnes avec chaque résultat
Percentile par nombre de réponses
Votre historique - résultats
Vous n’avez pas pris ce quiz